Teaching Unit 19: Preparing personal Taxation Computations (FA 2004), For exams in June 2005 and December 2005. (Record no. 2315)

MARC details
005 - DATE AND TIME OF LATEST TRANSACTION
control field 20250515134209.0
020 ## - INTERNATIONAL STANDARD BOOK NUMBER
International Standard Book Number 0-7517-1723-1
082 ## - DEWEY DECIMAL CLASSIFICATION NUMBER
Classification number LECT 336. 27 AAT
111 ## - MAIN ENTRY--MEETING NAME
Meeting name or jurisdiction name as entry element AAT
245 ## - TITLE STATEMENT
Title Teaching Unit 19: Preparing personal Taxation Computations (FA 2004), For exams in June 2005 and December 2005.
260 ## - PUBLICATION, DISTRIBUTION, ETC.
Place of publication, distribution, etc. London,
Name of publisher, distributor, etc. BPP Proffessional Education,
Date of publication, distribution, etc. 2004.
300 ## - PHYSICAL DESCRIPTION
Extent xxii, 392p.: ill.; figure, picture,
Other physical details index,
Dimensions 30cm.
856 ## - ELECTRONIC LOCATION AND ACCESS
Link text Access online Book.
Electronic name Teaching Unit 19: Preparing personal Taxation Computations (FA 2004), For exams in June 2005 and December 2005.
Path www.bpp.com
942 ## - ADDED ENTRY ELEMENTS (KOHA)
Source of classification or shelving scheme Dewey Decimal Classification
Koha item type Books
Holdings
Date last seen Total checkouts Full call number Barcode Cost, replacement price Price effective from Koha item type Lost status Source of classification or shelving scheme Damaged status Not for loan Withdrawn status Home library Current library Shelving location Date acquired Cost, normal purchase price
06/28/2025   657.46AAT DOM0002474 118155.00 06/28/2025 Books   Dewey Decimal Classification       CBE Dodoma CBE Dodoma General Collection 11/01/2006 39385.00
06/28/2025   657.46AAT DOM0002475 118155.00 06/28/2025 Books   Dewey Decimal Classification       CBE Dodoma CBE Dodoma General Collection 11/01/2006 39385.00
06/28/2025   657.46AAT DOM0002476 118155.00 06/28/2025 Books   Dewey Decimal Classification       CBE Dodoma CBE Dodoma General Collection 11/01/2006 39385.00
05/15/2025   LECT 336. 27 AAT 0000008849 118155.00 05/15/2025 Books   Dewey Decimal Classification       College of Business Education Main Library College of Business Education Main Library General Collection 11/01/2006 39385.00
05/15/2025   LECT 336. 27 AAT 0000008850 118155.00 05/15/2025 Books   Dewey Decimal Classification       College of Business Education Main Library College of Business Education Main Library General Collection 11/01/2006 39385.00